• 首页
  • 本馆介绍
  • 公告通知
  • 最新文献
  • 馆藏检索
  • 电子资源
  • 读者导购
  • 参考咨询
  • 我的图书馆
  • 登录
  • 详细信息显示
  • 放入我的书架
  • 预约/预借图书
  • 作者相关作品
  • 分类相关作品
  • 丛书相关作品
  • 出版社相关作品

书目信息

  • 表格格式
  • 工作单格式
  • 卡片格式
题名:
毕加索传
    
 
作者: 孙立军 主编
分册:  
出版信息: 南昌   江西教育出版社  2018
页数: 180页
开本: 21cm
丛书名: 名人励志传记丛书
单 册:
中图分类: K835.515.72=534
科图分类:
主题词:
电子资源:
ISBN: 978-7-5705-0484-8
000 00910nam0 2200265 450
001 438800
005 20140102115336.0
010    @a978-7-5705-0484-8@dCNY36.00
099    @aCAL 012019033867
100    @a20190327d2018 em y0chiy50 ea
101 0  @achi
102    @aCN@b360000
105    @aa z 000yb
106    @ar
200 1  @a毕加索传@Abi jia suo zhuan@b专著@dPicasso@f孙立军主编@zeng
210    @a南昌@c江西教育出版社@d2018
215    @a180页@c图@d21cm
225 1  @a名人励志传记丛书
330    @a本书通过“诞生在马拉加海港的天才”“不断改变的画风”“毕加索的爱情”“艺术是毕生的追求”“闪耀历史的绘画大师”五章的内容,叙述了毕加索成长的历程。
510 1  @aPicasso@zeng
600  0 @c(Picasso, Pablo Ruiz@a毕加索@f1881-1973)@x传记
690    @aK835.515.72=534@v5
701  0 @a孙立军@ASun Lijun@f1964-@4主编
801  0 @aCN@b上海新华@c20191020
905    @b1186486-9@dK835.515.72=534@e1067@f4
    
    毕加索传=Picasso/孙立军主编.-南昌:江西教育出版社,2018
    180页:图;21cm.-(名人励志传记丛书)
    
    
    ISBN 978-7-5705-0484-8:CNY36.00
    本书通过“诞生在马拉加海港的天才”“不断改变的画风”“毕加索的爱情”“艺术是毕生的追求”“闪耀历史的绘画大师”五章的内容,叙述了毕加索成长的历程。
●
相关链接 在E读中查询图书 在五车中查询图书 在当当中查询图书 在豆瓣中查询图书


正题名:毕加索传     索取号:K835.515.72=534/1067         预约/预借

序号 登录号 条形码 馆藏地/架位号 状态 备注
1 1186486   211864865   第二样本阅览室/ [索取号:K835.515.72=534/1067] 在馆    
2 1186487   211864874   第二借阅区/ [索取号:K835.515.72=534/1067] 在馆    
3 1186488   211864883   第二借阅区/ [索取号:K835.515.72=534/1067] 在馆    
4 1186489   211864892   第二借阅区/ [索取号:K835.515.72=534/1067] 在馆    
唐山师范学院图书馆 欢迎您!
大连网信软件有限公司© 版权所有